Housing Finance International (Registro nro. 160238)
[ vista simple ]
| 000 -LEADER | |
|---|---|
| fixed length control field | 01059ny a22002893n 4500 |
| 008 - FIXED-LENGTH DATA ELEMENTS--GENERAL INFORMATION | |
| fixed length control field | 031017c 9999uk p 0 eng d |
| 022 ## - | |
| -- | 0269-8978 |
| 022 ## - | |
| -- | 1534-8784 |
| 035 ## - | |
| -- | 3630 |
| 040 ## - CATALOGING SOURCE | |
| Modifying agency | vLex |
| 090 ## - | |
| -- | 1775 |
| -- | 1775 |
| 245 30 - TITLE STATEMENT | |
| Title | Housing Finance International |
| Medium | [Recurso electrónico] |
| 256 ## - | |
| -- | Servicio en línea |
| 260 ## - PUBLICATION, DISTRIBUTION, ETC. (IMPRINT) | |
| Place of publication, distribution, etc | London : |
| Name of publisher, distributor, etc | International Union for Housing Finance |
| 310 ## - | |
| -- | Trimestral |
| 506 1# - RESTRICTIONS ON ACCESS NOTE | |
| Terms governing access | Contenido solo disponible en los productos indicados |
| Authorized users | vLex Global |
| -- | vLex Global (Academic Edition, excluding Law Schools) |
| -- | vLex Global (U.S. Academic Edition, excluding Law Schools) |
| 650 04 - SUBJECT ADDED ENTRY--TOPICAL TERM | |
| Topical term or geographic name as entry element | Préstamos hipotecarios |
| General subdivision | Publicaciones periódicas |
| 650 04 - SUBJECT ADDED ENTRY--TOPICAL TERM | |
| Topical term or geographic name as entry element | Vivienda |
| Geographic subdivision | Finanzas |
| General subdivision | Publicaciones periódicas |
| 650 04 - SUBJECT ADDED ENTRY--TOPICAL TERM | |
| Topical term or geographic name as entry element | Finances |
| 650 04 - SUBJECT ADDED ENTRY--TOPICAL TERM | |
| Topical term or geographic name as entry element | International business/markets |
| 740 0# - | |
| -- | vLex Revista (Servicios en línea) |
| 843 ## - | |
| -- | Electrónica. Abierta |
| 853 ## - | |
| -- | 1 |
| -- | (year) |
| -- | (month) |
| -- | (day) |
| 856 40 - LOCALIZACIÓN Y ACCESO ELECTRÓNICO | |
| Identificador Uniforme del Recurso (URI/URL) | https://app.vlex.com/#/sources/3630 |
| 942 ## - | |
| -- | RAA |
| 999 ## - | |
| -- | 160238 |
| -- | 160238 |
No hay ítems disponibles.